Stargate Atlantis - Statistics

General Stats
  • This quiz has been taken 489 times
  • The average score is 10 of 15
Answer Stats
Hint Answer % Correct
Who is the arrogant scientist? Rodney Mckay
92%
What was the main enemy of the Ancients? The Wraith
92%
Which civilian led the Atlantis Expedition? Elizabeth Weir
86%
What galaxy is Atlantis in? Pegasus Galaxy
83%
What does ZPM stand for? Zero Point Module
83%
Who is the Atosian member of the team? Teyla Emmagan
79%
Who joins the main team in series 2? Ronan Dex
74%
Who takes command of Atlantis in season 4? Samantha Carter
74%
What is the name of the Major who leads the main team? John Sheppard
72%
What is the name of the male medical doctor? Carson Beckett
60%
The name of the other team member who leaves at the end of series 1 Aiden Ford
57%
What is the name of the retro-virused Wraith? Michael
55%
What are the Ancient ships referred to as? Puddlejumpers
41%
What is the name of the Colonel who dies in the 1st episode? Marshall Sumner
37%
What is the name of the scientist that is always complaining about the leadership? Peter Kavanagh
4%
No matching quizzes found
Score Distribution
Percent of People with Each Score
Percentile by Number Answered
Your Score History
You have not taken this quiz